| 000 | 00686cam a22002297a 4500 | ||
|---|---|---|---|
| 008 | |||
| 020 | _a1555447791(pbk.) | ||
| 049 | _aMAIN | ||
| 050 | 0 | 0 |
_aQA276.4 _bLIT |
| 245 | 0 | 0 |
_aSAS system for mixed models / _cRamon C. Littell ... [et al.]. |
| 260 |
_aCary, N.C. : _bSAS Institute Inc., _cc1996 _g(2004 printing) |
||
| 300 |
_axiv, 633 p. : _bill. ; _c28 cm. |
||
| 500 | _aIncludes index. | ||
| 630 | 0 | 0 | _aSAS (Computer file) |
| 650 | 0 |
_aMathematical statistics _xData processing. |
|
| 700 | 1 | _aLittell, Ramon C. | |
| 907 |
_a.b10206164 _b23-06-06 _c23-06-06 |
||
| 003 | |||
| 005 | 20230123134223.0 | ||
| 040 | _cNUST | ||
| 942 | _cBOOKS | ||
| 999 |
_c162111 _d162111 |
||